000 00744am a2200241a 44500
003 AR-BaBNM
005 20251128203555.0
008 137119s1960 #AR|||||||||||000 | spa||
040 _cAR-BaBNM
100 1 _aOrtega, Exequiel
245 1 0 _aEnsayo de una historia electoral argentina 1810-1912
_bhomanaje al sesquicentenario de la Revolución de Mayo
260 _aBahía Blanca
_bUniversidad Nacional del Sur
_c1960
300 _a46 p.
490 0 _aLas raíces
650 4 _aPERIODO INDEPENDIENTE
650 4 _aMOVIMIENTOS EMANCIPADORES LATINOAMERICANOS
650 4 _aORGANIZACION NACIONAL
650 4 _aDEMOCRACIA
650 4 _aPARTIDOS POLITICOS ARGENTINOS
650 4 _aHISTORIA DE LAS IDEAS
942 _cBK
998 _cmariana
999 _c3981
_d3981